| 000 | 00546nam a2200133Ia 4500 | ||
|---|---|---|---|
| 008 | 171207s9999 xx 000 0 und d | ||
| 100 | _aMohagheghi, Parastoo | ||
| 245 | 3 | _aAn industry experience report on managing product quality requirements in a large organization | |
| 245 | _cParastoo Mohagheghi, Mario Ek Aparicio | ||
| 260 | _c2017 | ||
| 300 | _apages 96-109, August 2017 | ||
| 440 |
_aInformation and Software Technology _v88: |
||
| 650 | _aProduct quality; Non-functional requirements; AgileExperience report;Maintenance; Technical debt | ||
| 999 |
_c347513 _d347513 |
||